Normal view
MARC view
- এ. এ. এম. মনিরুজ্জামান
Entry Personal Name
001 - CONTROL NUMBER
- control field: 5860
003 - CONTROL NUMBER IDENTIFIER
- control field: OSt
005 - DATE AND TIME OF LATEST TRANSACTION
- control field: 20240730112203.0
008 - FIXED-LENGTH DATA ELEMENTS
- fixed length control field: 240730|| aca||aabn | a|a d
040 ## - CATALOGING SOURCE
- Original cataloging agency: OSt
- Transcribing agency: OSt
100 ## - HEADING--PERSONAL NAME
- Personal name: এ. এ. এম. মনিরুজ্জামান
670 ## - SOURCE DATA FOUND
- Source citation: Work cat.: (OSt)3168: মনিরুজ্জামান, এ. এ. এম. 5858, শ্রম ও শিল্প আইন/ , c2006
